MARC

LEADER 00000nam0a2200000 4500
001 331927
005 20231102004414.0
035 |a (RuTPU)RU\TPU\book\357811 
090 |a 331927 
100 |a 20170511d1960 m y0rusy50 ca 
101 0 |a rus 
102 |a RU 
105 |a a j 001zy 
200 1 |a Газовые турбины. (Теория и конструкция)  |e учебное пособие  |f Я. И. Шнеэ 
210 |a Москва  |c Машгиз  |d 1960 
215 |a 560 с.  |c ил. 
320 |a Библиогр.: с. 557-558 
606 1 |a Газовые турбины  |2 stltpush  |3 (RuTPU)RU\TPU\subj\4753  |9 32979 
610 1 |a газотурбинные установки 
610 1 |a циклы 
610 1 |a тепловой расчет 
610 1 |a режимы 
610 1 |a детали 
610 1 |a охлаждение 
610 1 |a газ 
610 1 |a течение 
610 1 |a лопаточные аппараты 
610 1 |a материалы 
610 1 |a прочность 
610 1 |a повышенные температуры 
610 1 |a теплообменные аппараты 
610 1 |a горение 
610 1 |a камеры сгорания 
610 1 |a теория 
610 1 |a конструкции 
610 1 |a учебные пособия 
675 |a 621.438(075.8)  |v 4 
700 1 |a Шнеэ  |b Я. И.  |g Яков Исидорович 
801 1 |a RU  |b 63413507  |c 20170511 
801 2 |a RU  |b 63413507  |c 20220617  |g RCR 
942 |c BK